000 01196nam a2200325 i 4500
001 197986
003 ES-MaACL
005 20260222063016.0
007 ta
008 211126s2025 sp |||||| 001 0 spa|
017 _aM 20603-2025
_bOficina Depósito Legal Madrid
020 _a978-84-09-77000-7
040 _aES-MaACL
_bspa
_cES-MaACL
_erda
080 _a27-242
100 1 _987445
_aOrtega Carcelén, Martín C.
_4aut
_eaut
245 1 0 _aHacia la fuente :
_bintroducción al antiguo testamento /
_cMartín Ortega Carcelén
264 1 _aMadrid :
_bApryo,
_c2025
300 _a275 páginas ;
_c22 cm
336 _atexto
_2rdacontent
337 _asin mediación
_2rdamedia
338 _avolumen
_2rdacarrier
500 _aEjemplar firmado y dedicado por el autor
500 _aÍndice
630 0 4 _9119250
_aBiblia.
_pA. T.-
_xCrítica e interpretación
852 _aES-MaCL
_cDEPO1
_jA-15957
_gDedicatoria autógrafa del autor
_hDonación: Martín Ortega Carcelén
_xEncuadernación rústica
_9207089
942 _cMONOGRAFIA
_n0
999 _c197986
_d197986